M To The B - Millie B - All Lyrics - Statistics

General Stats
  • This quiz has been taken 22 times
  • The average score is 240 of 493
Answer Stats
Answer % Correct
B
100%
B,
100%
I
100%
M
100%
M-M
100%
M-M-M
100%
T
100%
the
100%
to
100%
a
88%
it
88%
do
76%
Do
76%
do?
76%
is
76%
Is
76%
It's
76%
it's
76%
I'm
71%
I’m
71%
me,
71%
me
71%
on
71%
so
71%
So,
71%
So
71%
Soph,
71%
Sophie
71%
Sophie,
71%
"Yo,
71%
yo,
71%
yo”
71%
you
71%
You
71%
as
65%
don't
65%
go
65%
in
65%
yeah,
65%
Aspin
59%
Aspin,
59%
bars
59%
bars?
59%
be
59%
bet
59%
Bet
59%
Coming
59%
coming
59%
Got
59%
got
59%
If
59%
know
59%
know,
59%
only
59%
that
59%
watch
59%
what
59%
What
59%
your
59%
Your
59%
you're
59%
You’re
59%
about
53%
better
53%
by
53%
doing
53%
get
53%
girl
53%
Little
53%
little
53%
my
53%
no
53%
shit,
53%
shit
53%
shite
53%
shite,
53%
think
53%
Fuck
47%
hard,
47%
hard
47%
Now
47%
4
41%
all
41%
All
41%
are
41%
Fuckin'
41%
fucking
41%
Fucking
41%
grime
41%
iPhone
41%
like,
41%
Like
41%
like
41%
line"
41%
off
41%
off,
41%
Read
41%
row
41%
with
41%
an
35%
and
35%
we
35%
We
35%
we?
35%
at
29%
gettin'
29%
hardcore
29%
that's
29%
That’s
29%
they
29%
They
29%
want
29%
when
29%
bare
24%
being
24%
best
24%
brow
24%
can
24%
come
24%
fanny
24%
for
24%
lads,
24%
lads?
24%
lads
24%
listen
24%
minging
24%
name
24%
not
24%
out
24%
say
24%
says,
24%
scream
24%
serious,
24%
shag
24%
sket
24%
"Step
24%
trying
24%
who
24%
whore
24%
Bang
18%
blender?
18%
blowies
18%
'Cause
18%
'cause
18%
chav
18%
dick
18%
ears
18%
fake
18%
fanny's
18%
field?
18%
from
18%
gonna
18%
How
18%
how
18%
I'll
18%
lend
18%
offend
18%
real
18%
ringing
18%
said,
18%
said
18%
Saying
18%
shagged
18%
should
18%
sick
18%
spit,
18%
spit
18%
things
18%
true
18%
where
18%
bounce
12%
bummed
12%
carefully
12%
contour?
12%
give
12%
give?
12%
Have
12%
head
12%
heard
12%
here?
12%
kangaroo,
12%
kangaroo
12%
manky
12%
MC
12%
murk
12%
murked
12%
parred
12%
Scouse
12%
singing
12%
Sort
12%
stick
12%
stinging?
12%
They're
12%
well
12%
We’ll
12%
animal,
6%
back,
6%
back
6%
belong
6%
boys
6%
camp
6%
can't
6%
done
6%
enough
6%
face,
6%
fuck's
6%
I’ve
6%
just
6%
Looking
6%
man's
6%
may
6%
mums,
6%
next
6%
people's
6%
pep
6%
pep,
6%
pier
6%
quit
6%
rat
6%
see,
6%
send
6%
sending
6%
showed
6%
throw
6%
tramp
6%
turn
6%
Turn
6%
what's
6%
zoo
6%
aren't
0%
around
0%
arsed
0%
clap
0%
clothes
0%
couldn't
0%
even
0%
fear
0%
fight?
0%
jacket
0%
Josh
0%
pose?
0%
probs
0%
racket
0%
Repping
0%
riddled
0%
slag,
0%
STDs
0%
string
0%
tight
0%
what're
0%
won't
0%
No matching quizzes found
Score Distribution
Percent of People with Each Score
Percentile by Number Answered
Your Score History
You have not taken this quiz